000 02496nkm0a2200445 4500
001 RU\NLR\DIGIT\525639
005 20260204000000.0
010 _d50 к.
_910000 экз.
020 _aRU
_b538
_9ЛЕНИНГРАД В ВЕЛИКОЙ ОТЕЧЕСТВЕННОЙ ВОЙНЕ: Печать Ленинграда, 1941 - 1945: каталог изданий, хранящихся в фондах Государственной Публичной библиотеки, вып.2. Листовки,плакаты,открытки,альбомы/Гос.публ.б-ка им.М.Е.Салтыкова-Щедрина. - Ленинград,1972
035 _a(NLR Aleph) 010459932
090 _a74692
_c74692
100 _a20140805j1941 m y0rusy50 ca
101 0 _arus
102 _aRU
116 _adiycxx zz ad
135 _acrcn 024anaba
200 1 _aБоец, оказавшийся в окружении, борись до последней капли крови
_e[Плакат]
_fХудож. А.Д. Кокош
210 _aЛ.-М.
_cИскусство
_d1941, авг.
215 _a1 л.
_d49х35 см
325 _aКопия доступна в электронной библиотеке РНБ
327 0 _aБоец прикладом отбивается от гитлеровцев. Товарищи бегут ему на помощь
517 1 _aРукопашный бой с гитлеровцами
540 1 _aБоец прикладом отбивается от гитлеровцев
606 1 _aБлокада Ленинграда
_z1941 - 1944
_jПлакаты
_2nlr_sh1
_2nlr_sh2
_3RU\NLR\AUTH\661253360
608 _aПлакаты общественно-политические
_2nlr-sh2
610 0 _aПлакаты
702 1 _aКокош
_bА.Д.
_cхудожник
_f1900-1960
_gАнатолий Дионисьевич
_4040
801 2 _aRU
_bNLR
_c20140805
_2rusmarc
852 _aNLR
_bЛ3-310 п
_j3/1-2
856 0 _uhttp://vivaldi.nlr.ru/la000070002/view
856 1 _uhttp://vivaldi.nlr.ru/la000070002/cover
856 2 _uhttp://vivaldi.nlr.ru/la000070002/text
942 _cVISUAL
945 _aРоссийская национальная библиотека
980 _aNB
980 _aBV
981 3 7 _a(37) Ленинград в Великой Отечественной войне
981 1 7 _a(17) Изографические материалы
_b(17) Плакаты